000 00401nam a22001337a 4500
999 _c1920
_d1920
008 200207b ||||| |||| 00| 0 eng d
100 _91516
_aSom, S. K.
245 1 0 _aIntroduction to Fluid mechanics and fluid machines /
_cby S. K. Som and G. Biswas
260 _aNew-Delhi :
_bTata McGraw Hill,
_c1998.
300 _axiii,659p.
650 0 _aFluid Mechanics
700 _91517
_aBiswas, G.
942 _cBK